Asamar batarikakat- alochanir itihas (Record no. 9445)

MARC details
000 -LEADER
fixed length control field 00617cam a2200229ua 4500
001 - CONTROL NUMBER
control field 10469
005 - DATE AND TIME OF LATEST TRANSACTION
control field 20260515114627.0
008 - FIXED-LENGTH DATA ELEMENTS--GENERAL INFORMATION
fixed length control field 190227n ii |||gr||||Z||||||asm
020 ## - INTERNATIONAL STANDARD BOOK NUMBER
International Standard Book Number 9788186384655
040 ## - CATALOGING SOURCE
Transcribing agency MAIN
041 ## - LANGUAGE CODE
Language code of text/sound track or separate title asm
082 ## - DEWEY DECIMAL CLASSIFICATION NUMBER
Classification number 079.54162
245 ## - TITLE STATEMENT
Title Asamar batarikakat- alochanir itihas
250 ## - EDITION STATEMENT
Edition statement 1st ed.
260 ## - PUBLICATION, DISTRIBUTION, ETC.
Place of publication, distribution, etc. Guwahati:
Name of publisher, distributor, etc. Assam publishing company,
Date of publication, distribution, etc. 2014.
300 ## - PHYSICAL DESCRIPTION
Extent 344p.
653 ## - INDEX TERM--UNCONTROLLED
Uncontrolled term Newspapers in other geographic areas
653 ## - INDEX TERM--UNCONTROLLED
Uncontrolled term History of newspaper and periodicals in Assam
653 ## - INDEX TERM--UNCONTROLLED
Uncontrolled term Assamese newspaper
700 ## - ADDED ENTRY--PERSONAL NAME
Personal name Paresh Baishya,
Relator term Editor.
942 ## - ADDED ENTRY ELEMENTS (KOHA)
Koha item type Books
Holdings
Withdrawn status Lost status Damaged status Not for loan Home library Current library Shelving location Date acquired Total checkouts Full call number Barcode Date last seen Copy number Price effective from Koha item type
        Naharkatiya College Library Naharkatiya College Library General stacks 09/19/2020   079.54162Journalism | ASA 24413 09/19/2020 1 09/19/2020 Books
        Naharkatiya College Library Naharkatiya College Library General stacks 09/19/2020   079.54162Journalism | ASA 24414 09/19/2020 2 09/19/2020 Books